| 000 | 01151nam a2200361 i 4500 | ||
|---|---|---|---|
| 999 |
_c76088 _d76088 |
||
| 003 | BJBSDDR | ||
| 005 | 20230410130545.0 | ||
| 007 | ta | ||
| 008 | 941222s1992 sp 000 0 spa d | ||
| 017 | _aM-92-25338 | ||
| 020 | _a8486984785 | ||
| 020 | _a9788486984786 | ||
| 035 | _aCSIC000445777 | ||
| 035 | _a(ES-MaCSI)000445777MAD01-Aleph | ||
| 035 | _a(OCoLC)434807757 | ||
| 040 |
_aES-MaCSI _bspa _cVL |
||
| 041 | _aspa | ||
| 050 | 1 | 4 |
_aPN 1992.5 _bB277p 1992 |
| 082 | 0 | 0 | _a384.5532 |
| 100 | 1 |
_aBarroso García, Jaime, _d1953- |
|
| 245 | 1 | 0 |
_aProceso de la información de actualidad en televisión / _cJaime Barroso García. |
| 260 |
_aMadrid : _bInstituto Oficial de Radio y Televisión, RTVE, _c1992. |
||
| 300 |
_a517 p. ; _c25 cm. |
||
| 490 | 1 | _aEstudios profesionales | |
| 504 | 1 | _aIncluye referencias bibliográficas (p.499-518). | |
| 650 | 4 |
_aTelevisión _xEmisiones _919814 |
|
| 650 | 4 |
_aProgramas de televisión _94645 |
|
| 650 | 4 |
_aComunicación audiovisual _98438 |
|
| 650 | 4 |
_aNoticieros por televisión _97707 |
|
| 650 | 4 |
_aTeledifusión _912786 |
|
| 830 | 0 |
_aEstudios profesionales _919813 |
|
| 942 |
_2lcc _cBK |
||